| 000 | 00358nam a2200133Ia 4500 | ||
|---|---|---|---|
| 008 | 150202s9999 xx 000 0 und d | ||
| 020 | _a505525275 | ||
| 050 |
_aFIC _bFIC |
||
| 100 | _aSands, Lyndsay. | ||
| 245 | 4 |
_aThe living daylights / _cLyndsay Sands. |
|
| 260 |
_aNew York : _bLove Spell, _c2003. |
||
| 300 |
_a367 pages : _c18 cm. |
||
| 650 | _aFiction. | ||
| 999 |
_c282432 _d282432 |
||